Solar System Moons - Picture Quiz - Statistics

General Stats
  • This quiz has been taken 150 times
  • The average score is 9 of 12
Answer Stats
Picture Answer % Correct
Moon
95%
Titan
95%
Io
94%
Europa
93%
Ganymede
91%
Phobos
82%
Triton
77%
Charon
75%
Enceladus
68%
Miranda
59%
Titania
58%
Hyperion
50%
No matching quizzes found
Score Distribution
Percent of People with Each Score
Percentile by Number Answered
Your Score History
You have not taken this quiz